<?xml version="1.0" encoding="UTF-8"?>
<record
    xmlns:xsi="http://www.w3.org/2001/XMLSchema-instance"
    xsi:schemaLocation="http://www.loc.gov/MARC21/slim http://www.loc.gov/standards/marcxml/schema/MARC21slim.xsd"
    xmlns="http://www.loc.gov/MARC21/slim">

  <leader>01891nam a22001817a 4500</leader>
  <controlfield tag="008">151029b        xxu||||| |||| 00| 0 eng d</controlfield>
  <datafield tag="020" ind1=" " ind2=" ">
    <subfield code="a">9780702042935</subfield>
  </datafield>
  <datafield tag="050" ind1=" " ind2=" ">
    <subfield code="a">RM262.C5</subfield>
  </datafield>
  <datafield tag="245" ind1=" " ind2=" ">
    <subfield code="a">Clinical Pharmacy and therapeutics. /</subfield>
    <subfield code="c">edited by Roger Walker and Cate Whittlesea</subfield>
  </datafield>
  <datafield tag="250" ind1=" " ind2=" ">
    <subfield code="a">5th ed.</subfield>
  </datafield>
  <datafield tag="260" ind1=" " ind2=" ">
    <subfield code="a">New York:</subfield>
    <subfield code="b">Churchill Livingstone,</subfield>
    <subfield code="c">2012.</subfield>
  </datafield>
  <datafield tag="300" ind1=" " ind2=" ">
    <subfield code="a">xiii, 983p.:</subfield>
    <subfield code="b">ills.;</subfield>
    <subfield code="c">28 cm.</subfield>
  </datafield>
  <datafield tag="500" ind1=" " ind2=" ">
    <subfield code="a">Includes index</subfield>
  </datafield>
  <datafield tag="505" ind1=" " ind2=" ">
    <subfield code="a">Contents: General: Clinical pharmacy process -- Prescribing -- Practical pharmacokinetics -- Drug interactions -- Adverse drug reactions -- Laboratory data -- Parenteral nutrition -- Pharmacoeconomics -- Life stages: Neonates -- Paediatrics -- Geriatrics -- Therapeutics: Peptic ulcer disease -- Inflammatory bowel disease -- Constipation and diarrhoea -- Adverse effects of drugs on the liver -- Liver disease -- Acute kidney injury -- Chronic kidney disease and end-stage renal disease -- Hypertension -- Coronary heart disease -- Chronic heart failure -- Arrhythmias -- Thrombosis -- Dyslipidaemia -- Asthma -- Chronic obstructive pulmonary disease -- Insomnia -- Anxiety disorders -- Affective disorders -- Schizophrenia -- Epilepsy -- Parkinson's disease -- Pain -- Nausea and vomiting -- Respiratory infections -- Urinary tract infections -- Gastro-intestinal infections -- Infective meningitis -- Surgical site infection and antimicrobial prophylaxis -- Tuberculosis -- HIV infection -- Fungal infections -- Thyroid and parathyroid disorders -- Diabetes mellitus -- Menstrual cycle disorders -- Menopause -- Drugs in pregnancy and lactation -- Prostate disease -- Anaemia -- Leukaemia -- Lymphomas -- Solid tumours -- Rheumatoid arthritis and osteoarthritis -- Gout and hyperuricaemia -- Glaucoma -- Drug-induced skin disorders -- Eczema and psoriasis -- Wounds.   </subfield>
  </datafield>
  <datafield tag="700" ind1=" " ind2=" ">
    <subfield code="a">Roger Walker</subfield>
  </datafield>
  <datafield tag="700" ind1=" " ind2=" ">
    <subfield code="a">Cate Whittlesea</subfield>
  </datafield>
  <datafield tag="942" ind1=" " ind2=" ">
    <subfield code="2">lcc</subfield>
    <subfield code="c">BK</subfield>
  </datafield>
  <datafield tag="999" ind1=" " ind2=" ">
    <subfield code="c">5810</subfield>
    <subfield code="d">13310</subfield>
  </datafield>
  <datafield tag="952" ind1=" " ind2=" ">
    <subfield code="0">0</subfield>
    <subfield code="1">0</subfield>
    <subfield code="2">lcc</subfield>
    <subfield code="4">0</subfield>
    <subfield code="7">0</subfield>
    <subfield code="a">WIUC-1</subfield>
    <subfield code="b">WIUC-1</subfield>
    <subfield code="c">NURS L.</subfield>
    <subfield code="d">2015-10-29</subfield>
    <subfield code="l">0</subfield>
    <subfield code="o">RM262.C5</subfield>
    <subfield code="p">NURS/191/15</subfield>
    <subfield code="r">2015-10-29 00:00:00</subfield>
    <subfield code="w">2015-10-29</subfield>
    <subfield code="y">BK</subfield>
  </datafield>
</record>
